Сборник Музея антропологии и этнографии. Т. 2, 3: Mental ability in relation to head circum ference, cephalic index, sociological condition, sex, age and nationality (Запись № 9073329)

Подробности
000 -МАРКЕР
контрольное поле 01779nam2a22003371 4500
001 - ИДЕНТИФИКАТОР ЗАПИСИ
контрольное поле RU\INFOCOMM_322\NLR\5000169965
005 - ИДЕНТИФИКАТОР ВЕРСИИ
контрольное поле 20250613110417.0
035 ## - ДРУГИЕ СИСТЕМНЫЕ НОМЕРА
Идентификатор записи (NLR Aleph) 009561763
100 ## - ДАННЫЕ ОБЩЕЙ ОБРАБОТКИ
Данные общей обработки 20130211d1914 |||y0rusy50 ca
101 0# - ЯЗЫК РЕСУРСА
Язык текста, звукозаписи и т.д. английский
102 ## - СТРАНА ПУБЛИКАЦИИ ИЛИ ПРОИЗВОДСТВА
Страна публикации российская федерация
105 ## - ПОЛЕ КОДИРОВАННЫХ ДАННЫХ: ТЕКСТОВЫЕ МАТЕРИАЛЫ, МОНОГРАФИЧЕСКИЕ
Кодированные данные о монографическом текстовом документе y z |||||
200 1# - ЗАГЛАВИЕ И СВЕДЕНИЯ ОБ ОТВЕТСТВЕННОСТИ
Основное заглавие Mental ability in relation to head circum ference, cephalic index, sociological condition, sex, age and nationality
Первые сведения об ответственности By Arthur MacDonald
210 ## - ПУБЛИКАЦИЯ, РАСПРОСТРАНЕНИЕ И ДР.
Место издания, распространения и т.д. Петроград
Имя издателя, распространителя и т. д. тип. Имп. Акад. наук
Дата издания, распространения и т.д. 1914
215 ## - ФИЗИЧЕСКАЯ ХАРАКТЕРИСТИКА
Специфическое обозначение материала и объем [2], 10 с.
Размеры 29 см
225 0# - СЕРИЯ
Основное заглавие серии Сборник Музея антропологии и этнографии при Имп. Академии наук
Обозначение тома Т. 2, 3
300 ## - ОБЩИЕ ПРИМЕЧАНИЯ
Текст примечания Загл. серии также на фр. яз.
461 #0 - УРОВЕНЬ НАБОРА
Встроенное поле 001RU\NLR\INFOCOMM10\1000247878
-- 2001#$aСборник Музея антропологии и этнографии$fРос. акад. наук, Ин-т этнографии им. Н.Н. Миклухо-Маклая$vТ. 2, 3
Системный номер (АБИС) связанной записи 2976512
Автор Музей антропологии и этнографии им. Петра Великого (Санкт-Петербург)
Место публикации СПб.
Дата публикации 1900 -
Первые сведения об ответственности Рос. акад. наук, Ин-т этнографии им. Н.Н. Миклухо-Маклая
Имя издателя, распространителя и т.д. Наука. С.-Петербург. отд-ние
Заглавие Сборник Музея антропологии и этнографии
ISSN 0131-3703
Номер тома Т. 2, 3
620 ## - МЕСТО И ДАТА ПУБЛИКАЦИИ, ИСПОЛНЕНИЯ И Т. Д.
Страна Санкт-Петербург
686 ## - ИНДЕКСЫ ДРУГИХ КЛАССИФИКАЦИЙ
Индекс Ан
Код системы
686 ## - ИНДЕКСЫ ДРУГИХ КЛАССИФИКАЦИЙ
Индекс Пс250
Код системы
700 #1 - ИМЯ ЛИЦА - ПЕРВИЧНАЯ ОТВЕТСТВЕННОСТЬ
Начальный элемент ввода MacDonald
Часть имени, кроме начального элемента ввода A.
Даты 1856-1936
Расширение инициалов личного имени Arthur
801 #1 - ИСТОЧНИК ЗАПИСИ
Страна российская федерация
Организация Infocomm
Дата составления 20130211
801 #0 - ИСТОЧНИК ЗАПИСИ
Страна российская федерация
Организация INFOCOMM
Правила каталогизации PSBO
852 ## - МЕСТОНАХОЖДЕНИЕ И ШИФР ХРАНЕНИЯ
Идентификатор организации NLR
Шифр хранения (Call Number) П23/1175
942 ## - ДОПОЛНИТЕЛЬНЫЕ ЭЛЕМЕНТЫ ЗАПИСИ (АБИС)
Тип экземпляра АБИС Выпуск
980 ## - КОЛЛЕКЦИЯ
Название коллекции Национальная библиография
980 ## - КОЛЛЕКЦИЯ
Название коллекции Изъято
980 ## - КОЛЛЕКЦИЯ
Название коллекции Русская периодика

Нет доступных экземпляров.